|
|
|
|
| LEADER |
00000cam a2200000 a 4500 |
| 001 |
vtls001441299 |
| 003 |
SK-MaSNL |
| 005 |
20260301202931.0 |
| 008 |
160415s2002 xo a gr 00000 slo |
| 015 |
|
|
|a SNBI2002/04-01602
|
| 020 |
|
|
|a 8088961025
|
| 035 |
|
|
|a SNK000396481
|
| 040 |
|
|
|a SNK
|b slo
|c SNK
|e AACR2
|
| 041 |
0 |
|
|a slo
|
| 044 |
|
|
|a xo
|c SK
|
| 080 |
|
|
|a 336.2:340.133(094.5)
|2 1981
|
| 080 |
|
|
|a 340.133
|2 1981
|
| 110 |
1 |
|
|a Slovensko
|4 aut
|9 266955
|
| 245 |
1 |
0 |
|a Dane a poplatky
|b SEPI "C" - aktualizácia č. 150
|
| 260 |
|
|
|a Žilina
|b Systém ekonomických a právnych informácií
|c [2002]
|
| 300 |
|
|
|a 87 s.
|b tab.
|c 20 cm
|
| 500 |
|
|
|a SEPI - Systém Ekonomických a Právnych Informácií
|
| 500 |
|
|
|a Voľné listy zopnuté páskou
|
| 505 |
0 |
|
|a Obsahuje aktualizáciu súboru Dane a poplatky, ktorá obsahuje časti: DPH, Spotrebné dane, Daň z nehnuteľností, Ostatné
|
| 650 |
0 |
7 |
|a dane
|2 SNKPH
|9 2123
|
| 650 |
0 |
7 |
|a poplatky
|2 SNKPH
|9 2335
|
| 655 |
|
7 |
|a právne predpisy
|2 SNKPH
|9 70481
|
| 655 |
|
7 |
|a pokyny
|2 SNKPH
|9 70685
|
| 655 |
|
7 |
|a príručky
|2 SNKPH
|9 74364
|
| 919 |
|
|
|a 80-88961-02-5
|
| 958 |
|
|
|a TL
|
| 999 |
|
|
|c 900751
|d 902681
|
| 952 |
|
|
|t P60, <03>, [BOOK], {603}
|a SNK
|b SNK
|y PREZ
|7 0
|p 17A0357339
|o snkSC 86430/pril. 150
|i snkKSP 11761/2002
|0 0
|1 0
|4 0
|d 2002-09-26
|l 0
|r 2005-01-02 00:00:00
|w 2026-02-24
|
| 952 |
|
|
|t P60, <04>, [BOOK], {604}
|a SNK
|b SNK
|y VYP
|7 0
|p 17A0357340
|o snkSC 86430/pril. 150 D1
|i snkKSP 11762/2002
|0 0
|1 0
|4 0
|d 2002-09-26
|l 0
|r 2005-01-02 00:00:00
|w 2026-02-24
|